| 000 | 00778cam a2200253 a 4500 | ||
|---|---|---|---|
| 001 | 1124191 | ||
| 005 | 20240319065506.0 | ||
| 008 | 940407s1995 nyu b 001 0 eng | ||
| 020 | _a0415909945 (hard : acidfree paper) | ||
| 020 | _a0415909953 (pbk.) | ||
| 040 |
_aDLC _cDLC _dDLC |
||
| 082 |
_222 _a323.334. _bWOM. |
||
| 245 | 0 | 0 |
_aWomen's rights, human rights : _binternational feminist perspectives / _cJulie Peters and Andrea Wolper. |
| 260 |
_aNew York : _bRoutledge, _c1995. |
||
| 300 | _a372 p. ; | ||
| 650 | 0 | _aWomen's rights. | |
| 650 | 0 | _aHuman rights. | |
| 650 | 0 | _aWomen | |
| 650 | 0 | _aFeminism. | |
| 700 | 1 |
_aPeters, Julie Stone. _eedt |
|
| 700 | 1 |
_aWolper, Andrea. _eedt |
|
| 856 | 4 | 2 | _uhttp://www.loc.gov/catdir/enhancements/fy0646/94015775-d.html |
| 942 | _cL | ||
| 999 |
_c588 _d588 |
||